[Event "EU-ch 23rd"]
[Site "Vrnjacka Banja"]
[Date "2023.03.12"]
[Round "10"]
[White "Djordjevic, Nevena"]
[Black "Roebers, Jan"]
[Result "1/2-1/2"]
[WhiteElo "1889"]
[BlackElo "2113"]
[PlyCount "112"]
[EventDate "2023.03.03"]
[EventType "swiss"]
[EventRounds "11"]
[EventCountry "SRB"]
[SourceTitle "CBM 213"]
[Source "ChessBase"]
[SourceDate "2023.04.30"]
[SourceVersion "1"]
[SourceVersionDate "2023.04.30"]
[SourceQuality "1"]

1. d4 Nf6 2. Nf3 e6 3. c4 c5 4. e3 b6 5. Bd3 Bb7 6. 0-0 Be7 7. Nc3 0-0 8. b3 cxd4 9. Nxd4 Nc6 10. Nxc6 Bxc6 11. Bb2 Qc7 12. Qe2 a6 13. Rfd1 Qb7 14. e4 d6 15. Re1 Nd7 16. f3 Bf6 17. Rad1 Bd4+ 18. Kh1 e5 19. Nb1 Bxb2 20. Qxb2 Nc5 21. Nc3 b5 22. Bf1 Rfd8 23. Rd2 b4 24. Ne2 a5 25. Red1 Qe7 26. Nc1 Ne6 27. a4 g6 28. Bd3 Rd7 29. Ne2 Rf8 30. Qc2 h5 31. Qb1 h4 32. h3 Ra8 33. Qc2 Kg7 34. Qb1 Rh8 35. Kh2 Rf8 36. Qc2 Nc5 37. Qb1 Qe6 38. Qb2 Kg8 39. Ng1 f5 40. Qb1 Qf6 41. Kh1 Qg5 42. Bc2 Rf6 43. exf5 gxf5 44. Qc1 Rg7 45. Re2 Qg3 46. Qe3 f4 47. Qf2 e4 48. fxe4 Qxf2 49. Rxf2 Bxe4 50. Bxe4 Nxe4 51. Rb2 Ng5 52. Rf1 Re7 53. Nf3 Ne4 54. Rd1 Rfe6 55. Kg1 Nc3 56. Rf1 Ne2+ 1/2-1/2

[Event "EU-ch 23rd"]
[Site "Vrnjacka Banja"]
[Date "2023.03.06"]
[Round "4"]
[White "Gramb, Marius"]
[Black "Djordjevic, Nevena"]
[Result "1-0"]
[WhiteElo "2159"]
[BlackElo "1889"]
[PlyCount "79"]
[EventDate "2023.03.03"]
[EventType "swiss"]
[EventRounds "11"]
[EventCountry "SRB"]
[SourceTitle "CBM 213"]
[Source "ChessBase"]
[SourceDate "2023.04.30"]
[SourceVersion "1"]
[SourceVersionDate "2023.04.30"]
[SourceQuality "1"]

1. d4 Nf6 2. c4 e6 3. g3 Bb4+ 4. Nd2 c5 5. a3 Bxd2+ 6. Qxd2 cxd4 7. Nf3 0-0 8. Bg2 d5 9. cxd5 Qxd5 10. Qxd4 Nc6 11. Qxd5 Nxd5 12. 0-0 b6 13. b4 Ba6 14. Re1 Rac8 15. Bb2 Nce7 16. e4 Nc3 17. a4 Rfd8 18. b5 Bb7 19. Ne5 f6 20. Bh3 fxe5 21. Bxe6+ Kf8 22. Bxc8 Rxc8 23. f3 a6 24. Ra3 axb5 25. Rxc3 Rxc3 26. Bxc3 bxa4 27. Rb1 Nc8 28. Bxe5 Ba6 29. Rc1 b5 30. Rc6 Bb7 31. Rc7 Ba6 32. Bxg7+ Ke8 33. Bc3 a3 34. Bb4 a2 35. Rc1 Na7 36. Ra1 Nc6 37. Bc3 b4 38. Rxa2 Bc4 39. Ra8+ Kd7 40. Bxb4 1-0

[Event "EU-ch 23rd"]
[Site "Vrnjacka Banja"]
[Date "2023.03.05"]
[Round "3"]
[White "Djordjevic, Nevena"]
[Black "Medancic, Rikard"]
[Result "1/2-1/2"]
[WhiteElo "1889"]
[BlackElo "2139"]
[PlyCount "69"]
[EventDate "2023.03.03"]
[EventType "swiss"]
[EventRounds "11"]
[EventCountry "SRB"]
[SourceTitle "CBM 213"]
[Source "ChessBase"]
[SourceDate "2023.04.30"]
[SourceVersion "1"]
[SourceVersionDate "2023.04.30"]
[SourceQuality "1"]

1. d4 Nf6 2. Nf3 e6 3. a3 b6 4. c4 Bb7 5. Nc3 d5 6. Bg5 Be7 7. e3 Nbd7 8. cxd5 exd5 9. Bd3 0-0 10. 0-0 h6 11. Bh4 Ne4 12. Bxe7 Qxe7 13. Qc2 c5 14. dxc5 bxc5 15. Rfd1 Nef6 16. Rab1 Rab8 17. Qe2 Ne5 18. Nxe5 Qxe5 19. Na4 c4 20. Bc2 Rfe8 21. Nc3 Bc8 22. h3 Rb6 23. Qd2 Qg5 24. Kh1 Qh4 25. Kg1 Bxh3 26. gxh3 Qxh3 27. Nxd5 Ng4 28. Nxb6 axb6 29. Bf5 Qh2+ 30. Kf1 Ne5 31. f4 Qh1+ 32. Kf2 Qh2+ 33. Kf1 Qh1+ 34. Kf2 Qh2+ 35. Kf1 1/2-1/2

[Event "EU-ch 23rd"]
[Site "Vrnjacka Banja"]
[Date "2023.03.03"]
[Round "1"]
[White "Pacher, Milan"]
[Black "Djordjevic, Nevena"]
[Result "1-0"]
[WhiteElo "2392"]
[BlackElo "1889"]
[PlyCount "51"]
[EventDate "2023.03.03"]
[EventType "swiss"]
[EventRounds "11"]
[EventCountry "SRB"]
[SourceTitle "CBM 213"]
[Source "ChessBase"]
[SourceDate "2023.04.30"]
[SourceVersion "1"]
[SourceVersionDate "2023.04.30"]
[SourceQuality "1"]

1. e4 c5 2. Nf3 e6 3. d4 cxd4 4. Nxd4 Nc6 5. Nc3 Qc7 6. Be3 a6 7. Bd3 Nf6 8. 0-0 Be7 9. Nxc6 bxc6 10. f4 d5 11. e5 Nd7 12. Na4 Qa5 13. b3 Nc5 14. Bd2 Qc7 15. Nxc5 Bxc5+ 16. Kh1 g6 17. c4 0-0 18. Qc2 Qe7 19. Rf3 a5 20. Raf1 Ba6 21. Rg3 Kg7 22. f5 exf5 23. Rxf5 Kh8 24. Bg5 Qe6 25. Bf6+ Kg8 26. Rh5 1-0

[Event "EU-ch U18 Girls 30th"]
[Site "Antalya"]
[Date "2022.11.12"]
[Round "7"]
[White "Djordjevic, Nevena"]
[Black "Galvan Cipriani, Viviana"]
[Result "1-0"]
[WhiteElo "1731"]
[BlackElo "2024"]
[PlyCount "81"]
[EventDate "2022.11.06"]
[EventType "swiss"]
[EventRounds "9"]
[EventCountry "TUR"]
[SourceTitle "EXT 2024"]
[Source "ChessBase"]
[SourceDate "2023.10.10"]
[SourceVersion "1"]
[SourceVersionDate "2023.10.10"]
[SourceQuality "1"]

1. d4 Nf6 2. c4 e6 3. Nf3 d5 4. cxd5 exd5 5. Bg5 Bb4+ 6. Nbd2 h6 7. Bxf6 Qxf6 8. Qa4+ Nc6 9. e3 Qg6 10. a3 Bxd2+ 11. Nxd2 0-0 12. g3 Bd7 13. Bb5 a6 14. Bxc6 Bxc6 15. Qb3 Bb5 16. f3 Qh5 17. Kf2 Rfe8 18. Rac1 Re7 19. Rc5 Rd8 20. Rc3 Rd6 21. Qc2 Rde6 22. a4 Bd7 23. b3 f6 24. a5 Bb5 25. b4 c6 26. Qc1 Qh3 27. Nb3 f5 28. Nc5 Rf6 29. Nd3 g5 30. Ne5 f4 31. Qg1 Rg7 32. Qg2 Qf5 33. Rhc1 Re6 34. exf4 gxf4 35. g4 Qf8 36. Rb3 Qb8 37. Kg1 Rxe5 38. dxe5 Qxe5 39. Qf2 Re7 40. Rbb1 Be2 41. Re1 1-0

[Event "EU-ch U18 Girls 30th"]
[Site "Antalya"]
[Date "2022.11.11"]
[Round "6"]
[White "Lhotska, Anna"]
[Black "Djordjevic, Nevena"]
[Result "1-0"]
[WhiteElo "2287"]
[BlackElo "1731"]
[PlyCount "89"]
[EventDate "2022.11.06"]
[EventType "swiss"]
[EventRounds "9"]
[EventCountry "TUR"]
[SourceTitle "CBM 211 Extra"]
[Source "ChessBase"]
[SourceDate "2023.01.31"]
[SourceVersion "1"]
[SourceVersionDate "2023.01.31"]
[SourceQuality "1"]

1. e4 c5 2. Nf3 e6 3. d4 cxd4 4. Nxd4 Nc6 5. Nc3 Qc7 6. g3 a6 7. Bg2 Nf6 8. 0-0 d6 9. Re1 Nd7 10. Be3 Be7 11. Nxc6 bxc6 12. Na4 Bb7 13. c4 c5 14. Qd2 0-0 15. Rad1 Rfd8 16. Nc3 Ne5 17. b3 Nc6 18. Bf4 Bf6 19. Ne2 Nd4 20. Nxd4 Bxd4 21. Qe2 e5 22. Be3 a5 23. Bxd4 cxd4 24. Rb1 Bc8 25. Rec1 Be6 26. a3 Rdc8 27. Bf1 Ra7 28. b4 axb4 29. axb4 Rca8 30. b5 Ra2 31. b6 Qb7 32. Rc2 R2a3 33. Qd2 f5 34. Bh3 Qf7 35. c5 Ra1 36. Qe1 Rxb1 37. Qxb1 dxc5 38. Rxc5 Rb8 39. Rxe5 Qf6 40. f4 g5 41. Bxf5 Bxf5 42. Rxf5 Rxb6 43. Qa2+ Qe6 44. Qa8+ Kg7 45. Qf8+ 1-0

[Event "Belgrade-chT Quality"]
[Site "Belgrade"]
[Date "2021.10.16"]
[Round "1.6"]
[White "Djordjevic, Nevena"]
[Black "Stefanovic, Bosko"]
[Result "1/2-1/2"]
[WhiteElo "1963"]
[BlackElo "1690"]
[PlyCount "45"]
[EventDate "2021.10.16"]
[EventType "team-tourn"]
[EventRounds "11"]
[EventCountry "SRB"]
[SourceTitle "EXT 2023"]
[Source "ChessBase"]
[SourceDate "2022.10.05"]
[SourceVersion "1"]
[SourceVersionDate "2022.10.05"]
[SourceQuality "1"]
[WhiteTeam "Belgrade Mladenovac"]
[BlackTeam "Belgrade Novi"]
[WhiteTeamCountry "SRB"]
[BlackTeamCountry "SRB"]

1. d4 Nf6 2. Nf3 g6 3. c4 Bg7 4. Nc3 d6 5. e4 0-0 6. Be2 Nbd7 7. 0-0 e5 8. Be3 Re8 9. d5 h6 10. Ne1 b6 11. b4 a5 12. a3 Nh7 13. Nd3 f5 14. f3 f4 15. Bf2 Nhf6 16. c5 bxc5 17. bxc5 g5 18. cxd6 cxd6 19. Nb2 h5 20. Nc4 Ba6 21. Nd2 Bxe2 22. Qxe2 g4 23. Kh1 1/2-1/2

[Event "SRB-chT (Women) Div1"]
[Site "Vrnjacka Banja"]
[Date "2021.09.13"]
[Round "8.3"]
[White "Djordjevic, Nevena"]
[Black "Zarkovic, Mila"]
[Result "1/2-1/2"]
[WhiteElo "1888"]
[BlackElo "2204"]
[PlyCount "82"]
[EventDate "2021.09.07"]
[EventType "tourn"]
[EventRounds "11"]
[EventCountry "SRB"]
[SourceTitle "CBM 204 Extra"]
[Source "ChessBase"]
[SourceDate "2021.11.30"]
[SourceVersion "1"]
[SourceVersionDate "2021.11.30"]
[SourceQuality "1"]
[WhiteTeam "Novi Sad Sah Kruzok (W)"]
[BlackTeam "Sremska Mitrovica Sirmium (W)"]
[WhiteTeamCountry "SRB"]
[BlackTeamCountry "SRB"]

1. d4 Nf6 2. c4 e6 3. Nf3 Bb4+ 4. Nbd2 b6 5. e3 Bb7 6. Bd3 0-0 7. 0-0 d5 8. a3 Be7 9. b3 c5 10. Bb2 Nbd7 11. Qe2 Re8 12. Rfc1 Rc8 13. a4 Qc7 14. a5 Qb8 15. axb6 axb6 16. cxd5 Nxd5 17. Bb5 Red8 18. dxc5 Nxc5 19. Be5 Bd6 20. Bxd6 Qxd6 21. Bc4 Nb4 22. Rd1 Qe7 23. Nd4 Ra8 24. N2f3 Qf6 25. Qe1 Nd5 26. Rxa8 Rxa8 27. Ra1 Qd8 28. h3 h6 29. Nb5 Rxa1 30. Qxa1 Nb4 31. Nbd4 Qa8 32. Qxa8+ Bxa8 33. Kf1 Kf8 34. Ke2 Ke7 35. Ne1 Bd5 36. Kd2 Bxc4 37. bxc4 Ne4+ 38. Ke2 Kd6 39. f3 Ng3+ 40. Kd2 Kc5 41. Kc3 Na6 1/2-1/2

[Event "SRB-ch U18 Girls"]
[Site "Novi Sad"]
[Date "2021.08.05"]
[Round "5"]
[White "Djordjevic, Nevena"]
[Black "Vukosavljevic, Tatjana"]
[Result "1-0"]
[WhiteElo "1903"]
[BlackElo "1656"]
[PlyCount "85"]
[EventDate "2021.08.03"]
[EventType "tourn"]
[EventRounds "9"]
[EventCountry "SRB"]
[SourceTitle "EXT 2022"]
[Source "ChessBase"]
[SourceDate "2021.10.06"]
[SourceVersion "1"]
[SourceVersionDate "2021.10.06"]
[SourceQuality "1"]

1. d4 d5 2. c4 dxc4 3. e3 Nf6 4. Bxc4 e6 5. Nf3 c5 6. 0-0 a6 7. Bd3 b6 8. Nc3 Bb7 9. a3 Nbd7 10. Qe2 Qb8 11. e4 cxd4 12. Nxd4 Bd6 13. f4 Bc5 14. Be3 b5 15. e5 Nxe5 16. fxe5 Qxe5 17. Nc2 Ng4 18. Qxg4 Bxe3+ 19. Kh1 Bb6 20. Rae1 Qd6 21. Qxg7 0-0-0 22. Be4 Bc7 23. Bxb7+ Kxb7 24. Qg3 Qb6 25. Qf3+ Kc8 26. Rd1 Bb8 27. Nb4 Qc7 28. Qc6 Qxc6 29. Nxc6 Rxd1 30. Rxd1 f5 31. Nxb8 Kxb8 32. g3 h5 33. h4 Rg8 34. Ne2 e5 35. Rd5 Re8 36. Kg2 Kc7 37. Kf3 Kc6 38. Nc3 Re7 39. b4 Re8 40. Rc5+ Kd6 41. Nd5 e4+ 42. Ke3 Rg8 43. Kf2 1-0

[Event "SRB-ch U18 Girls"]
[Site "Novi Sad"]
[Date "2021.08.04"]
[Round "2"]
[White "Srdanovic, Jovana"]
[Black "Djordjevic, Nevena"]
[Result "1-0"]
[WhiteElo "2099"]
[BlackElo "1903"]
[PlyCount "111"]
[EventDate "2021.08.03"]
[EventType "tourn"]
[EventRounds "9"]
[EventCountry "SRB"]
[SourceTitle "EXT 2022"]
[Source "ChessBase"]
[SourceDate "2021.10.06"]
[SourceVersion "1"]
[SourceVersionDate "2021.10.06"]
[SourceQuality "1"]

1. d4 Nf6 2. c4 e6 3. Nf3 Bb4+ 4. Bd2 Qe7 5. Nc3 0-0 6. g3 Bxc3 7. Bxc3 Ne4 8. Qc2 Nxc3 9. Qxc3 d6 10. Bg2 Nd7 11. 0-0 e5 12. e4 a5 13. b3 f6 14. a3 c5 15. d5 Nb8 16. Nh4 Bd7 17. Qd3 Na6 18. a4 Nb4 19. Qe2 Rae8 20. Nf5 Bxf5 21. exf5 g6 22. Be4 Kg7 23. Rae1 Qf7 24. Kg2 g5 25. h4 gxh4 26. Qg4+ Kh8 27. Qxh4 Rg8 28. Rh1 Rg7 29. Rh3 Kg8 30. Reh1 Re7 31. Kf1 Rc7 32. Qh6 Na2 33. Qd2 Nb4 34. f3 Kf8 35. Qh2 Ke8 36. Rh6 Qf8 37. Qh4 Rcf7 38. Rh2 Ke7 39. Rg2 Qg8 40. Rh5 Rg5 41. Rxg5 Qxg5 42. Qxg5 fxg5 43. Rh2 Kd7 44. Rh5 Na2 45. Rxg5 Nc3 46. Rh5 Ke7 47. Rh6 Kd7 48. Bd3 Ke7 49. Ke1 Na2 50. Kd2 Nb4 51. Be4 Na6 52. Ke3 Nb8 53. g4 Nd7 54. Re6+ Kd8 55. Rxd6 Rf6 56. Re6 1-0

[Event "SRB-ch U18 Girls"]
[Site "Novi Sad"]
[Date "2021.08.03"]
[Round "1"]
[White "Djordjevic, Nevena"]
[Black "Veljkovic, Varvara"]
[Result "1-0"]
[WhiteElo "1903"]
[BlackElo "1489"]
[PlyCount "52"]
[EventDate "2021.08.03"]
[EventType "tourn"]
[EventRounds "9"]
[EventCountry "SRB"]
[SourceTitle "EXT 2022"]
[Source "ChessBase"]
[SourceDate "2021.10.06"]
[SourceVersion "1"]
[SourceVersionDate "2021.10.06"]
[SourceQuality "1"]

1. d4 Nf6 2. Nf3 c5 3. e3 g6 4. Bd3 Bg7 5. 0-0 b6 6. c4 Bb7 7. Nc3 e6 8. dxc5 bxc5 9. e4 0-0 10. Bg5 h6 11. Be3 d6 12. h3 Nfd7 13. Qd2 Kh7 14. Rad1 Nf6 15. Bb1 Ne8 16. Bxc5 Bxc3 17. Qxc3 Qc7 18. Be3 Nc6 19. Qd2 h5 20. Ng5+ Kg7 21. f4 Ne7 22. b3 Rd8 23. f5 exf5 24. exf5 Nxf5 25. Bxf5 gxf5 26. Rxf5 Bc8 1-0

[Event "Veliko Gradiste Silver Lake op-A"]
[Site "Veliko Gradiste"]
[Date "2021.06.30"]
[Round "9"]
[White "Slavic, Nikola"]
[Black "Djordjevic, Nevena"]
[Result "0-1"]
[WhiteElo "1816"]
[BlackElo "1923"]
[PlyCount "36"]
[EventDate "2021.06.23"]
[EventType "swiss"]
[EventRounds "9"]
[EventCountry "SRB"]
[SourceTitle "EXT 2022"]
[Source "ChessBase"]
[SourceDate "2021.10.06"]
[SourceVersion "1"]
[SourceVersionDate "2021.10.06"]
[SourceQuality "1"]

1. e4 c5 2. d3 Nc6 3. f4 d5 4. Be2 Nd4 5. Nf3 Nxe2 6. Qxe2 e6 7. 0-0 Be7 8. Be3 Nf6 9. e5 Ng4 10. Bd2 h5 11. c3 b6 12. d4 a5 13. Qb5+ Kf8 14. Qb3 Ba6 15. Re1 g6 16. Ng5 Kg7 17. Na3 Nh6 18. Nc2 c4 0-1

[Event "Veliko Gradiste Silver Lake op-A"]
[Site "Veliko Gradiste"]
[Date "2021.06.27"]
[Round "6"]
[White "Djordjevic, Nevena"]
[Black "Rajveer, Pinkesh Nahar"]
[Result "1-0"]
[WhiteElo "1923"]
[BlackElo "1598"]
[PlyCount "53"]
[EventDate "2021.06.23"]
[EventType "swiss"]
[EventRounds "9"]
[EventCountry "SRB"]
[SourceTitle "EXT 2022"]
[Source "ChessBase"]
[SourceDate "2021.10.06"]
[SourceVersion "1"]
[SourceVersionDate "2021.10.06"]
[SourceQuality "1"]

1. d4 Nf6 2. Nf3 e6 3. a3 c5 4. e3 d5 5. c4 b6 6. Nc3 Bb7 7. cxd5 Nxd5 8. Bb5+ Bc6 9. Bd3 Nd7 10. 0-0 Be7 11. Bc2 0-0 12. Qd3 f5 13. Qe2 Qc7 14. Bd2 Rae8 15. dxc5 Nxc5 16. Nd4 Rf6 17. Nxc6 Qxc6 18. Rfd1 Nxc3 19. Bxc3 Rg6 20. f3 Bf6 21. Bxf6 gxf6 22. b4 Nd7 23. Rac1 Qb7 24. Ba4 Re7 25. Bc6 Qc7 26. Bxd7 Qe5 27. f4 1-0

[Event "Veliko Gradiste Silver Lake op-A"]
[Site "Veliko Gradiste"]
[Date "2021.06.26"]
[Round "5"]
[White "Vajdic, Nikola"]
[Black "Djordjevic, Nevena"]
[Result "1/2-1/2"]
[WhiteElo "2258"]
[BlackElo "1923"]
[PlyCount "104"]
[EventDate "2021.06.23"]
[EventType "swiss"]
[EventRounds "9"]
[EventCountry "SRB"]
[SourceTitle "CBM 203 Extra"]
[Source "ChessBase"]
[SourceDate "2021.09.30"]
[SourceVersion "1"]
[SourceVersionDate "2021.09.30"]
[SourceQuality "1"]

1. d4 Nf6 2. c4 e6 3. Nf3 Bb4+ 4. Bd2 Qe7 5. Nc3 0-0 6. g3 Bxc3 7. Bxc3 Ne4 8. Qc2 f5 9. Bg2 d6 10. 0-0 Nxc3 11. Qxc3 Nd7 12. b4 Nf6 13. b5 Bd7 14. a4 Rac8 15. Qa5 a6 16. bxa6 b6 17. Qb4 Ra8 18. Nd2 Rxa6 19. a5 bxa5 20. Rxa5 Rb6 21. Qc3 Rfb8 22. Rfa1 Rb4 23. Ra8 Kf7 24. h3 Qd8 25. R1a7 Qc8 26. Qxb4 Rxb4 27. Rxc8 Bxc8 28. Rxc7+ Bd7 29. Bc6 Ke7 30. Rb7 Rxb7 31. Bxb7 Kd8 32. Bf3 Kc7 33. e4 fxe4 34. Nxe4 Nxe4 35. Bxe4 h6 36. h4 Bc8 37. Bb1 Ba6 38. Ba2 Kb6 39. f4 Ka5 40. Kf2 Kb4 41. d5 exd5 42. cxd5 Bc4 43. Bxc4 Kxc4 44. g4 Kxd5 45. Ke3 h5 46. gxh5 Ke6 47. Ke4 d5+ 48. Kd4 Kf5 49. Kxd5 Kxf4 50. Ke6 Kg4 51. Kf7 Kxh5 52. Kxg7 Kxh4 1/2-1/2

[Event "Veliko Gradiste Silver Lake op-A"]
[Site "Veliko Gradiste"]
[Date "2021.06.24"]
[Round "3"]
[White "Dimitrijevic, Dusan"]
[Black "Djordjevic, Nevena"]
[Result "1-0"]
[WhiteElo "2122"]
[BlackElo "1923"]
[PlyCount "63"]
[EventDate "2021.06.23"]
[EventType "swiss"]
[EventRounds "9"]
[EventCountry "SRB"]
[SourceTitle "CBM 203 Extra"]
[Source "ChessBase"]
[SourceDate "2021.09.30"]
[SourceVersion "1"]
[SourceVersionDate "2021.09.30"]
[SourceQuality "1"]

1. Nf3 Nf6 2. g3 c5 3. Bg2 Nc6 4. d3 d6 5. 0-0 g6 6. e4 Bg7 7. Re1 0-0 8. c3 Rb8 9. h3 b5 10. d4 Nd7 11. Be3 b4 12. Nbd2 a5 13. Nf1 Ba6 14. Qd2 bxc3 15. bxc3 cxd4 16. cxd4 Nb6 17. Bh6 Nc4 18. Qc1 Nb4 19. Rd1 Qd7 20. N1h2 Rfc8 21. Bxg7 Kxg7 22. Ng4 f6 23. Qh6+ Kg8 24. e5 Qd8 25. a3 Nc2 26. Nh4 Bb7 27. Nxg6 f5 28. exd6 fxg4 29. Nxe7+ Qxe7 30. dxe7 Nxa1 31. Bxb7 Rxb7 32. Qe6+ 1-0

[Event "SRB-chT (Women)"]
[Site "Valjevo"]
[Date "2020.10.01"]
[Round "9.1"]
[White "Vuckovic, Lidija"]
[Black "Djordjevic, Nevena"]
[Result "0-1"]
[WhiteElo "1885"]
[BlackElo "1917"]
[PlyCount "124"]
[EventDate "2020.09.25"]
[EventType "team-tourn"]
[EventRounds "11"]
[EventCountry "SRB"]
[SourceTitle "CBM 198 Extra"]
[Source "ChessBase"]
[SourceDate "2020.11.30"]
[SourceVersion "1"]
[SourceVersionDate "2020.11.30"]
[SourceQuality "1"]
[WhiteTeam "N Varos Zlatar (W)"]
[BlackTeam "Lucani Mladost (W)"]
[WhiteTeamCountry "SRB"]
[BlackTeamCountry "SRB"]

1. d4 Nf6 2. Nf3 e6 3. Bf4 c5 4. e3 cxd4 5. exd4 b6 6. c3 Bb7 7. Nbd2 Be7 8. Bd3 0-0 9. 0-0 d6 10. Qe2 Nbd7 11. Nc4 Qc7 12. a4 a6 13. h3 Rfe8 14. Ne3 Bf8 15. Bh2 Qc8 16. Rfe1 Bc6 17. Nd2 Qb7 18. c4 a5 19. b3 Rad8 20. Rac1 Qa8 21. Qf1 e5 22. d5 Bb7 23. f3 g6 24. g4 Nc5 25. Bc2 Bg7 26. Qg2 Qc8 27. Ne4 Nfd7 28. Nxd6 Qc7 29. Nxe8 Rxe8 30. Rcd1 Qd6 31. Rb1 Na6 32. Qd2 Nb4 33. Be4 Nc5 34. Nc2 Nca6 35. Nd4 Qc5 36. Bxe5 Bxe5 37. Rbd1 Bxd4+ 38. Kg2 Bg7 39. d6 Bxe4 40. Rxe4 Rd8 41. Qf4 Bf8 42. d7 Nb8 43. Red4 Qc6 44. Qd2 N4a6 45. Qg5 Rxd7 46. Rxd7 Nxd7 47. Qd8 Nac5 48. h4 Qe6 49. Kf2 Ne5 50. h5 Ned3+ 51. Rxd3 Nxd3+ 52. Qxd3 Qd6 53. Qe4 Qh2+ 54. Ke3 Bc5+ 55. Kd3 Qd6+ 56. Kc2 Bb4 57. Qe8+ Kg7 58. Qe3 h6 59. f4 Qe6 60. Qf3 Qe1 61. g5 Qd2+ 62. Kb1 Bc3 0-1

[Event "SRB-chT (Women)"]
[Site "Valjevo"]
[Date "2020.09.27"]
[Round "3.4"]
[White "Arsovic, Jelena"]
[Black "Djordjevic, Nevena"]
[Result "1/2-1/2"]
[WhiteElo "2015"]
[BlackElo "1917"]
[PlyCount "56"]
[EventDate "2020.09.25"]
[EventType "team-tourn"]
[EventRounds "11"]
[EventCountry "SRB"]
[SourceTitle "CBM 198 Extra"]
[Source "ChessBase"]
[SourceDate "2020.11.30"]
[SourceVersion "1"]
[SourceVersionDate "2020.11.30"]
[SourceQuality "1"]
[WhiteTeam "Kac Jugovic (W)"]
[BlackTeam "Valjevo 2005 (W)"]
[WhiteTeamCountry "SRB"]
[BlackTeamCountry "SRB"]

1. e4 c5 2. Nf3 e6 3. d3 Nc6 4. g3 Nf6 5. Bg2 d6 6. 0-0 Be7 7. c3 0-0 8. Re1 Bd7 9. d4 cxd4 10. cxd4 d5 11. e5 Ne4 12. Nbd2 Nxd2 13. Bxd2 Qb6 14. Bc3 Na5 15. h4 Rac8 16. Rc1 Nc4 17. b3 Na3 18. Qd2 a6 19. Ba5 Qa7 20. Rxc8 Rxc8 21. Rc1 Rxc1+ 22. Qxc1 b6 23. Bd2 Qb7 24. Bg5 Bf8 25. Bf1 Bb5 26. Bxb5 Nxb5 27. Qc2 Na7 28. Bd8 Qc8 1/2-1/2

[Event "EU-ch U16 Girls"]
[Site "Bratislava"]
[Date "2019.08.10"]
[Round "9"]
[White "Djordjevic, Nevena"]
[Black "Jarocka, Liwia"]
[Result "1/2-1/2"]
[WhiteElo "1756"]
[BlackElo "1995"]
[PlyCount "43"]
[EventDate "2019.08.02"]
[EventType "swiss"]
[EventRounds "9"]
[EventCountry "SVK"]
[SourceTitle "CBM 191 Extra"]
[Source "ChessBase"]
[SourceDate "2019.09.30"]
[SourceVersion "1"]
[SourceVersionDate "2019.09.30"]
[SourceQuality "1"]

1. d4 Nf6 2. c4 e6 3. Nf3 d5 4. Bg5 h6 5. Bh4 Bb4+ 6. Nc3 c5 7. cxd5 exd5 8. e3 0-0 9. Be2 g5 10. Bg3 Ne4 11. Rc1 Be6 12. 0-0 Bxc3 13. bxc3 Nd7 14. dxc5 Ndxc5 15. Qd4 Qe7 16. Ne5 Nd7 17. Nxd7 Qxd7 18. Bf3 f5 19. Be5 Qf7 20. Be2 Rfc8 21. f3 Nc5 22. Rb1 1/2-1/2

[Event "EU-ch U16 Girls"]
[Site "Bratislava"]
[Date "2019.08.07"]
[Round "6"]
[White "Sadka Darrell, Daria"]
[Black "Djordjevic, Nevena"]
[Result "1/2-1/2"]
[WhiteElo "1568"]
[BlackElo "1756"]
[PlyCount "96"]
[EventDate "2019.08.02"]
[EventType "swiss"]
[EventRounds "9"]
[EventCountry "SVK"]
[SourceTitle "CBM 191 Extra"]
[Source "ChessBase"]
[SourceDate "2019.09.30"]
[SourceVersion "1"]
[SourceVersionDate "2019.09.30"]
[SourceQuality "1"]

1. e4 c5 2. Nc3 Nc6 3. g3 g6 4. Bg2 Bg7 5. d3 d6 6. Be3 Nd4 7. Qd2 Qa5 8. Nge2 Bg4 9. Bxd4 cxd4 10. Nd5 Qxd2+ 11. Kxd2 Rc8 12. Nc1 Bh6+ 13. f4 e6 14. h3 Bh5 15. g4 exd5 16. Ne2 dxe4 17. Bxe4 Bxg4 18. hxg4 b6 19. a4 a5 20. Ra3 Bg7 21. g5 Ne7 22. Rb3 Rb8 23. Rb5 f5 24. Bd5 Kd7 25. Re1 Nc6 26. Ng3 Nb4 27. Be6+ Kc6 28. Bf7 Rb7 29. Be8+ Kc7 30. Bf7 Kd8 31. Bb3 Re8 32. Rxe8+ Kxe8 33. Bg8 Bh8 34. c3 dxc3+ 35. bxc3 Na6 36. Bd5 Rb8 37. Bg8 Rb7 38. Rb1 Kf8 39. Bd5 Rb8 40. d4 Nc7 41. Bc6 Bg7 42. Rh1 Kg8 43. Re1 Kf7 44. Nf1 h6 45. Ne3 hxg5 46. fxg5 Bf8 47. Rh1 Kg7 48. Re1 Kf7 1/2-1/2